| 000 | 00764cam a22001935a 4500 | ||
|---|---|---|---|
| 001 | L141195 | ||
| 008 | 071102s1801 xxk eng u | ||
| 035 | _a(Sirsi) u141195 | ||
| 041 | 0 | _aeng | |
| 245 | 0 | 1 | _a[Photocopy of an auction poster dated 1 August 1801, relating to the sale of farms in Chipping, Catterall, Fulwood, Preston, Penwortham and Little Hoole] |
| 260 |
_aPreston _bs.n. _c1801 |
||
| 300 |
_a1 sheet _c41 x 33 cm., folded to 20 x 16 cm. |
||
| 340 | _aPhotocopy | ||
| 351 | _cSingle item | ||
| 500 | _aSale took place on Friday 6 September 1801 at Fisher's, Sign of the Castle, in the market place, Preston. | ||
| 651 | 4 | _aLancashire | |
| 690 | _aPROPERTY-PROPERTY ACQUISITION AND DISPOSAL-ACQUISITION AND DISPOSAL AT AUCTION | ||
| 942 | _n0 | ||
| 999 |
_c116653 _d116653 |
||